[Event "Cuiaba Contaud op"]
[Site "Cuiaba"]
[Date "2023.11.04"]
[Round "6"]
[White "Fagundes, Arthur Calgaro Berg"]
[Black "Castro Silva, Alex"]
[Result "0-1"]
[WhiteElo "1611"]
[BlackElo "1940"]
[PlyCount "84"]
[EventDate "2023.11.02"]
[EventType "swiss"]
[EventRounds "7"]
[EventCountry "BRA"]
[SourceTitle "CB46_2023"]
[SourceDate "2023.11.15"]
[SourceVersion "1"]
[SourceVersionDate "2023.11.15"]
[SourceQuality "1"]

1. e4 e5 2. Nf3 d6 3. d4 Nf6 4. Nc3 Nbd7 5. Bc4 Be7 6. 0-0 0-0 7. Re1 c6 8. a4 b6 9. d5 cxd5 10. Nxd5 Bb7 11. Nxe7+ Qxe7 12. Nd2 Nc5 13. f3 d5 14. exd5 Nxd5 15. Qe2 Rfe8 16. Bb5 Nd7 17. Ne4 a6 18. Bd3 h6 19. b3 Nc5 20. Nxc5 Qxc5+ 21. Qf2 Qxf2+ 22. Kxf2 Nb4 23. Bb2 Nxd3+ 24. cxd3 Rad8 25. d4 e4 26. fxe4 Rxe4 27. Rxe4 Bxe4 28. Rc1 Rd6 29. b4 Rf6+ 30. Kg1 Bd3 31. g3 Be4 32. Rc8+ Kh7 33. Rc7 Rf5 34. Ra7 Bd3 35. d5 Bc4 36. d6 Rd5 37. d7 Rd3 38. b5 axb5 39. Ba3 Be6 40. d8Q Rxd8 41. axb5 Rd5 42. h4 Rxb5 0-1

[Event "Niteroi op 2nd"]
[Site "Niteroi"]
[Date "2022.09.07"]
[Round "9"]
[White "Castro Silva, Alex"]
[Black "Lima, Kleyton Alcantara"]
[Result "0-1"]
[WhiteElo "1928"]
[BlackElo "2107"]
[PlyCount "66"]
[EventDate "2022.09.01"]
[EventType "swiss"]
[EventRounds "9"]
[EventCountry "BRA"]
[SourceTitle "EXT 2024"]
[Source "ChessBase"]
[SourceDate "2023.10.10"]
[SourceVersion "1"]
[SourceVersionDate "2023.10.10"]
[SourceQuality "1"]

1. e4 e5 2. Nf3 Nc6 3. Bb5 a6 4. Ba4 Nf6 5. 0-0 b5 6. Bb3 Bc5 7. Qe2 0-0 8. c3 d6 9. h3 Be6 10. Bxe6 fxe6 11. Rd1 Bb6 12. d4 exd4 13. cxd4 Qe7 14. e5 dxe5 15. dxe5 Nd5 16. Bg5 Qf7 17. Nc3 Ncb4 18. Ne4 h6 19. Bc1 Qg6 20. Nh4 Qf7 21. Rf1 Nc6 22. Nc3 Nce7 23. Be3 Nxc3 24. bxc3 Nd5 25. Bxb6 cxb6 26. c4 Nf4 27. Qe4 bxc4 28. Qxc4 Qh5 29. Nf3 Rac8 30. Qb3 Rc3 31. Qxb6 Rxf3 32. Rfe1 Rxh3 33. f3 Qh4 0-1

[Event "Campo Grande op 5th"]
[Site "Campo Grande"]
[Date "2019.12.01"]
[Round "5"]
[White "Deus Filho, Joaquim"]
[Black "Castro Silva, Alex"]
[Result "0-1"]
[WhiteElo "1873"]
[BlackElo "1937"]
[PlyCount "132"]
[EventDate "2019.11.28"]
[EventType "swiss"]
[EventRounds "6"]
[EventCountry "BRA"]
[SourceTitle "CBM 193 Extra"]
[Source "ChessBase"]
[SourceDate "2020.01.31"]
[SourceVersion "1"]
[SourceVersionDate "2020.01.31"]
[SourceQuality "1"]

1. e4 e6 2. Qe2 Be7 3. f4 d5 4. d3 c5 5. Nf3 Nc6 6. g3 Nf6 7. Bg2 b5 8. Ne5 Bb7 9. c3 Qc7 10. Nxc6 Bxc6 11. e5 Nd7 12. d4 cxd4 13. cxd4 Qb6 14. Be3 b4 15. Qg4 g6 16. 0-0 Bb5 17. Rc1 0-0 18. Nd2 Rac8 19. Qf3 Qa6 20. f5 Be2 21. Qf4 gxf5 22. Qh6 Rxc1+ 23. Rxc1 Rc8 24. Nb3 Rxc1+ 25. Nxc1 Qc4 26. Kf2 Bd1 27. b3 Qc2+ 28. Bd2 Nf8 29. Qe3 a5 30. Bf1 Qe4 31. Bg2 Qg4 32. h3 Qh5 33. Nd3 Ng6 34. Nf4 Nxf4 35. Qxf4 Bc2 36. h4 Qg4 37. Bf1 Bb1 38. Qxg4+ fxg4 39. Be2 Bxa2 40. Bd1 Bb1 41. h5 f6 42. Bxg4 Kf7 43. Bd1 fxe5 44. dxe5 Bc5+ 45. Kf3 Ba2 46. Be3 d4 47. Bc1 Bb1 48. g4 d3 49. Bb2 Bc2 50. Bxc2 dxc2 51. Ke4 a4 52. bxa4 Bb6 53. Kd3 b3 54. Kd2 Ba5+ 55. Kc1 Bb4 56. Bd4 Ba3+ 57. Bb2 Be7 58. Bc3 Bg5+ 59. Bd2 b2+ 60. Kxb2 Bxd2 61. Kxc2 Bf4 62. Kd3 Bxe5 63. Ke4 Bc3 64. Kd3 Be1 65. Ke4 h6 66. Ke5 Bc3+ 0-1

[Event "BRA-ch Amateur U2000"]
[Site "Sao Paulo"]
[Date "2019.06.20"]
[Round "1"]
[White "Castro Silva, Alex"]
[Black "Krongold, Breno"]
[Result "1-0"]
[WhiteElo "1928"]
[BlackElo "1647"]
[PlyCount "125"]
[EventDate "2019.06.20"]
[EventType "swiss"]
[EventRounds "7"]
[EventCountry "BRA"]
[SourceTitle "EXT 2020"]
[Source "ChessBase"]
[SourceDate "2019.10.17"]
[SourceVersion "1"]
[SourceVersionDate "2019.10.17"]
[SourceQuality "1"]

1. e4 c5 2. Nf3 Nc6 3. Bb5 d6 4. 0-0 Bd7 5. Re1 e5 6. c3 Nf6 7. d4 cxd4 8. cxd4 Be7 9. d5 Nb8 10. Nc3 0-0 11. Bxd7 Nbxd7 12. Bd2 Rc8 13. Rc1 Nc5 14. Qe2 Qd7 15. b4 Na4 16. Qb5 Nb2 17. Bg5 Qxb5 18. Nxb5 Nd3 19. Rxc8 Rxc8 20. Rd1 Nxb4 21. a3 a6 22. Na7 Ra8 23. Rc1 Nbxd5 24. Nc8 Kf8 25. exd5 Nxd5 26. Bxe7+ Nxe7 27. Nxd6 f6 28. Nxb7 Rb8 29. Nc5 Kf7 30. a4 a5 31. Nd2 Nf5 32. Rb1 Rd8 33. Rb7+ Kg6 34. Ncb3 Rd3 35. Kf1 Nd4 36. Ke1 Rc3 37. Nxd4 exd4 38. Rb5 d3 39. f3 Rc1+ 40. Kf2 f5 41. Rxa5 f4 42. Rd5 Ra1 43. a5 Ra2 44. Rxd3 Rxa5 45. Rd4 Kf5 46. g3 g5 47. Rd6 h5 48. Rh6 fxg3+ 49. hxg3 Ra2 50. Rxh5 Rxd2+ 51. Ke3 Rg2 52. g4+ Kg6 53. Rh8 Rc2 54. Rd8 Rc3+ 55. Ke4 Rc4+ 56. Rd4 Rc6 57. Ke5 Rc5+ 58. Rd5 Rxd5+ 59. Kxd5 Kf6 60. Kd6 Kf7 61. Ke5 Kg6 62. Ke6 Kg7 63. Kf5 1-0

[Event "Brazil AXPG op 1st"]
[Site "Ponta Grossa"]
[Date "2017.10.29"]
[Round "6"]
[White "Dias, Anderson Tatsch"]
[Black "Castro Silva, Alex"]
[Result "1-0"]
[WhiteElo "2192"]
[BlackElo "1882"]
[PlyCount "61"]
[EventDate "2017.10.26"]
[EventType "swiss"]
[EventRounds "7"]
[EventCountry "BRA"]
[SourceTitle "CBM 181 Extra"]
[Source "ChessBase"]
[SourceDate "2017.12.12"]
[SourceVersion "1"]
[SourceVersionDate "2017.12.12"]
[SourceQuality "1"]

1. d4 f5 2. g3 Nf6 3. Bg2 d6 4. Nf3 g6 5. 0-0 Bg7 6. c4 0-0 7. Nc3 Nc6 8. Qc2 e5 9. dxe5 dxe5 10. Rd1 Qe7 11. Nd5 Nxd5 12. cxd5 Nb4 13. Qc4 Qd6 14. a3 Na6 15. Be3 Kh8 16. b4 Rd8 17. Rac1 b6 18. Ng5 Rd7 19. Ne6 c6 20. b5 Nc7 21. Nxc7 Rxc7 22. dxc6 Qxa3 23. Rd8+ Bf8 24. Bh6 Be6 25. Rxa8 Bxc4 26. Rxf8+ Bg8 27. Bd5 Qxf8 28. Bxf8 Bxd5 29. Rd1 Be6 30. Rd6 Bg8 31. Rd7 1-0

[Event "Brazil AXPG op 1st"]
[Site "Ponta Grossa"]
[Date "2017.10.27"]
[Round "2"]
[White "Goncalves, Ivan Mesquita V"]
[Black "Castro Silva, Alex"]
[Result "1-0"]
[WhiteElo "2242"]
[BlackElo "1882"]
[PlyCount "61"]
[EventDate "2017.10.26"]
[EventType "swiss"]
[EventRounds "7"]
[EventCountry "BRA"]
[SourceTitle "CBM 181 Extra"]
[Source "ChessBase"]
[SourceDate "2017.12.12"]
[SourceVersion "1"]
[SourceVersionDate "2017.12.12"]
[SourceQuality "1"]

1. Nf3 f5 2. g3 Nf6 3. Bg2 d6 4. d4 g6 5. c3 Bg7 6. Qb3 e6 7. 0-0 Nc6 8. Nbd2 0-0 9. Ne1 Kh8 10. Nd3 Re8 11. e4 e5 12. dxe5 dxe5 13. Nb4 Nxb4 14. Qxb4 a5 15. Qa4 b5 16. Qc2 Rb8 17. exf5 gxf5 18. Nf3 e4 19. Nh4 c5 20. Bf4 Rb6 21. Rad1 Qe7 22. Qd2 Ng4 23. Bd6 Qe6 24. Bxc5 Rc6 25. Bd4 Ne5 26. Qg5 Rg8 27. Qf4 Nd3 28. Rxd3 exd3 29. Bxc6 Qxc6 30. Nxf5 Bd7 31. Bxg7+ 1-0

[Event "Cuiaba Contaud op"]
[Site "Cuiaba"]
[Date "2017.07.30"]
[Round "6"]
[White "Castro Silva, Alex"]
[Black "Do Amaral Vailant, Helena Ketheryne"]
[Result "1/2-1/2"]
[WhiteElo "1903"]
[BlackElo "1440"]
[PlyCount "66"]
[EventDate "2017.07.28"]
[EventType "swiss"]
[EventRounds "6"]
[EventCountry "BRA"]
[SourceTitle "EXT 2018"]
[Source "ChessBase"]
[SourceDate "2017.10.13"]
[SourceVersion "1"]
[SourceVersionDate "2017.10.13"]
[SourceQuality "1"]

1. e4 e5 2. Nf3 Nc6 3. Bc4 Bc5 4. c3 Nf6 5. d4 exd4 6. cxd4 Bb4+ 7. Bd2 Bxd2+ 8. Nbxd2 d5 9. exd5 Nxd5 10. 0-0 0-0 11. a3 Nb6 12. Bb3 Bg4 13. Qc2 Rc8 14. Qd3 Bxf3 15. Nxf3 Qf6 16. Bc2 g6 17. Rad1 Rfd8 18. Qe4 Re8 19. Qh4 Qxh4 20. Nxh4 Re2 21. d5 Rxc2 22. dxc6 Rxc6 23. Rc1 Rxc1 24. Rxc1 Nd5 25. Kf1 Kf8 26. g3 c6 27. Re1 Rc7 28. Nf3 f6 29. Nd4 Kf7 30. Ne6 Rd7 31. Nc5 Rc7 32. Ne6 Rd7 33. Nc5 Rc7 1/2-1/2

[Event "Cuiaba Contaud op"]
[Site "Cuiaba"]
[Date "2017.07.29"]
[Round "4"]
[White "Castro Silva, Alex"]
[Black "Gomes, Mateus Ferreira"]
[Result "1-0"]
[WhiteElo "1903"]
[BlackElo "1750"]
[PlyCount "75"]
[EventDate "2017.07.28"]
[EventType "swiss"]
[EventRounds "6"]
[EventCountry "BRA"]
[SourceTitle "EXT 2018"]
[Source "ChessBase"]
[SourceDate "2017.10.13"]
[SourceVersion "1"]
[SourceVersionDate "2017.10.13"]
[SourceQuality "1"]

1. e4 c5 2. Nf3 Nc6 3. Bb5 g6 4. 0-0 Bg7 5. Bxc6 bxc6 6. e5 f6 7. Qe2 Nh6 8. b3 0-0 9. Bb2 Qb6 10. Re1 c4 11. Qxc4+ Kh8 12. exf6 exf6 13. Nc3 Ba6 14. Qd4 Qc7 15. Re7 Rad8 16. Qa4 Nf5 17. Ree1 Qb6 18. g4 Nh6 19. h3 Rde8 20. Ne4 Re6 21. Bd4 Qb5 22. Qxb5 Bxb5 23. Nc5 Rd6 24. a4 Rxd4 25. Nxd4 f5 26. c3 d6 27. Nce6 Bd3 28. Nxf8 Bxf8 29. Re8 fxg4 30. Rxf8+ Ng8 31. Nxc6 Kg7 32. Rxg8+ Kxg8 33. Re1 a6 34. Re8+ Kg7 35. hxg4 d5 36. Nb4 Be4 37. Rxe4 dxe4 38. Nxa6 1-0

[Event "Pan American Amateur-ch"]
[Site "Curitiba"]
[Date "2015.12.16"]
[Round "1"]
[White "Castro Silva, Alex"]
[Black "Mileski, Lucas de Souza"]
[Result "1/2-1/2"]
[WhiteElo "1922"]
[BlackElo "1611"]
[PlyCount "82"]
[EventDate "2015.12.16"]
[EventType "swiss"]
[EventRounds "9"]
[EventCountry "BRA"]
[SourceTitle "CBM 170 Extra"]
[Source "ChessBase"]
[SourceDate "2016.02.25"]
[SourceVersion "1"]
[SourceVersionDate "2016.02.25"]
[SourceQuality "1"]

1. e4 c5 2. Nf3 Nc6 3. Bb5 e6 4. Bxc6 bxc6 5. d3 d5 6. Nc3 Ne7 7. h4 h5 8. Bf4 Ng6 9. Bg3 d4 10. Ne2 Bd6 11. Bxd6 Qxd6 12. Ng3 e5 13. Nf5 Bxf5 14. exf5 Ne7 15. Ng5 c4 16. Ne4 Qb4+ 17. c3 dxc3 18. bxc3 Qa5 19. f6 gxf6 20. Nxf6+ Kf8 21. Qc2 cxd3 22. Qxd3 Rd8 23. Qf3 Nd5 24. Ne4 Nf4 25. Rd1 Rxd1+ 26. Qxd1 Qd5 27. Qf3 Qxa2 28. 0-0 Qe2 29. Qxe2 Nxe2+ 30. Kh2 Ke7 31. g3 f5 32. Re1 fxe4 33. Rxe2 Rf8 34. Kg2 Kd6 35. Rxe4 Kd5 36. Ra4 Rf7 37. Ra5+ c5 38. Ra4 e4 39. Ra5 Kc4 40. Ra3 Kd3 41. Ra5 Kc4 1/2-1/2

[Event "Florianopolis op"]
[Site "Florianopolis"]
[Date "2015.01.14"]
[Round "1"]
[White "Castro Silva, Alex"]
[Black "Supi, Luis Paulo"]
[Result "0-1"]
[WhiteElo "1798"]
[BlackElo "2414"]
[PlyCount "29"]
[EventDate "2015.01.14"]
[EventType "swiss"]
[EventRounds "10"]
[EventCountry "BRA"]
[SourceTitle "CBM 164 Extra"]
[Source "ChessBase"]
[SourceDate "2015.03.02"]
[SourceVersion "1"]
[SourceVersionDate "2015.03.02"]
[SourceQuality "1"]

1. e4 c5 2. Nf3 e6 3. Nc3 a6 4. d4 cxd4 5. Nxd4 Qc7 6. Be2 b5 7. a3 Be7 8. 0-0 Nf6 9. Bf3 d6 10. Re1 Bb7 11. e5 dxe5 12. Bxb7 Qxb7 13. Rxe5 0-0 14. Qf3 Qxf3 15. Nxf3 0-1

[Event "BRA-ch U20"]
[Site "Blumenau"]
[Date "2014.12.12"]
[Round "3"]
[White "Castro Silva, Alex"]
[Black "Dias, Matheus Nunes"]
[Result "1-0"]
[WhiteElo "1834"]
[BlackElo "1618"]
[PlyCount "69"]
[EventDate "2014.12.11"]
[EventType "swiss"]
[EventRounds "7"]
[EventCountry "BRA"]
[SourceTitle "EXT 2016"]
[Source "ChessBase"]
[SourceDate "2015.10.08"]
[SourceVersion "1"]
[SourceVersionDate "2015.10.08"]
[SourceQuality "1"]

1. e4 e6 2. d4 d5 3. e5 c5 4. c3 Nc6 5. Nf3 Qb6 6. a3 Bd7 7. Be2 cxd4 8. cxd4 Nge7 9. b4 Nf5 10. Be3 Be7 11. 0-0 Rc8 12. g4 Nh6 13. h3 Ng8 14. Nbd2 f6 15. Nb3 h5 16. Nc5 hxg4 17. Nxd7 Kxd7 18. hxg4 Nh6 19. b5 Na5 20. Nd2 Rh7 21. Nb3 Nxb3 22. Qxb3 Rch8 23. Bf3 fxe5 24. dxe5 d4 25. Bxd4 Bc5 26. Bxc5 Qxc5 27. Qd3+ Ke7 28. Qe4 Nf7 29. Qxb7+ Kf8 30. Rac1 Qe7 31. Rc7 Qg5 32. Rxf7+ Kg8 33. Rc7 Rh3 34. Rc8+ Kh7 35. Be4+ 1-0